Super Size Me

Curioso documental en el que Morgan Spurlock investiga en su propio cuerpo los efectos de la comida basura, comiendo sólo y únicamente en McDonald's, 3 veces al día durante todo un mes, y acudiendo posteriormente al médico para hacerse análisis y ver sus niveles de colesterol, aumento de peso,...

Descripción completa

Guardado en:
Autor Principal: Spurlock, Morgan.
Autor Corporativo: The Con.
Otros Autores: Ambrozy, Scott; Fotografía.
Formato: Deslizar
Idioma:Undetermined
Publicado: Estados Unidos : Samuel Goldwyn Films, 2004.
Materias:
Etiquetas: Agregar Etiqueta
Sin Etiquetas, Sea el primero en etiquetar este registro!
LEADER 01045ngm a22002055a 4500
001 CEM.cems020401
008 230830s2004####xx#---############vlund#d
005 20230830212659.0
245 1 0 |a Super Size Me  |h [videograbación] /  |c Morgan Spurlock. 
260 |a Estados Unidos :  |b Samuel Goldwyn Films,  |c 2004. 
300 |a 100'. 
520 |a Curioso documental en el que Morgan Spurlock investiga en su propio cuerpo los efectos de la comida basura, comiendo sólo y únicamente en McDonald's, 3 veces al día durante todo un mes, y acudiendo posteriormente al médico para hacerse análisis y ver sus niveles de colesterol, aumento de peso, etc. Los resultados fueron sorprendentes. 
590 |a Identificación anterior: 130 
538 |a Soporte: DVD -- Formato: DVD – Peso: 3.90gb -- Resolución: 720 x 480 -- 29.97fps 
100 1 |a Spurlock, Morgan. 
700 1 |a Ambrozy, Scott; Fotografía. 
710 2 |a The Con. 
653 |a LARGOMETRAJE 
653 |a DOCUMENTAL 
859 |a CEMS  |b BIB. CEMS - Depto. Recursos Didacticos  |h 778.5  |i SPU  |k DRD  |p 3084.23  |t Ej.1